Advances in agronomy. V 45 (Record no. 40421)

MARC details
000 -LEADER
fixed length control field 00376nam a2200145Ia 4500
082 ## - DEWEY DECIMAL CLASSIFICATION NUMBER
Classification number 631/635
Item number ADV.45
245 #0 - TITLE STATEMENT
Title Advances in agronomy. V 45
260 ## - PUBLICATION, DISTRIBUTION, ETC. (IMPRINT)
Place of publication San Diego
Name of publisher Academic Press
Year of publication 1991
650 ## - SUBJECT ADDED ENTRY--TOPICAL TERM
Topical Term Agroforestry
650 ## - SUBJECT ADDED ENTRY--TOPICAL TERM
Topical Term Chickpea
650 ## - SUBJECT ADDED ENTRY--TOPICAL TERM
Topical Term Legume cropping
650 ## - SUBJECT ADDED ENTRY--TOPICAL TERM
Topical Term Plant genetic resources
942 ## - ADDED ENTRY ELEMENTS (KOHA)
Koha item type Books
Holdings
Withdrawn status Lost status Damaged status Not for loan Home library Current library Date acquired Cost, normal purchase price Full call number Accession Number Koha item type
        RRII Library RRII Library 16/12/2021 75.00 631/635 ADV.45 20720 Books